000
00319pab a2200133 454500
008
180718b1988 xxu||||| |||| 00| 0 eng d
100
_a
Pichi, Hartmut
245
_a
Government size and public choices
260
_c
1988
300
_a
437-58
650
_a
Government Service - Growth
773
_a
Krklos
909
_a
9435
999
_c
9435
_d
9435